Analýza 13C-13C NMR interakcií pri identifikácii vedľajších produktov v priemyselných výrobách diplomová práca
Salvato in:
| Autore principale: | |
|---|---|
| Natura: | Libro |
| Lingua: | slovacco |
| Pubblicazione: |
Bratislava
STU FCHPT
2019
|
| Accesso online: | Visualizza in OPAC |
| Tags: |
Nessun Tag, puoi essere il primo ad aggiungerne!!
|
MARC
| LEADER | 00000nam a2200000 a 4500 | ||
|---|---|---|---|
| 005 | 20260127134044.0 | ||
| 008 | 190603 2019 xo a 001 0 slo d | ||
| 035 | |a vtls011868892 | ||
| 039 | 9 | |a 201906031037 |b mschk03 |y 201906031035 |z mschk03 | |
| 040 | |a STUSCHK1 |b slo |c STUSCHK1 |e AACR2 | ||
| 100 | 1 | |a Tóthová, Ivana | |
| 245 | 1 | |a Analýza 13C-13C NMR interakcií pri identifikácii vedľajších produktov v priemyselných výrobách |b diplomová práca |c Ivana Tóthová | |
| 260 | |a Bratislava |b STU FCHPT |c 2019 | ||
| 300 | |a 107 s. |b Obr., tab. |c 25 cm | ||
| 500 | |a Študijný program: technická chémia | ||
| 500 | |a Študijný odbor: chémia, chemické technológie | ||
| 500 | |a Školiace pracovisko: Centrálne laboratória FCHPT, Saneca Pharmaceuticals a.s., Axxence Slovakia s.r.o. | ||
| 500 | |a Evid. číslo: FCHPT-104542-76250 | ||
| 910 | |a SCHK95 | ||
| 999 | |c 3048 |d 3048 | ||